| 000 | 03113cam a22005774i 4500 | ||
|---|---|---|---|
| 003 | PE-LiUPU | ||
| 005 | 20250731170438.0 | ||
| 008 | 150625s2002 cl a rb 000 0 spa d | ||
| 035 | _a(Sirsi) a35866 | ||
| 040 |
_aPE-LiUPU _bspa _cPE-LiUPU _dPE-LiUPU _erda |
||
| 049 | _aPRUA | ||
| 082 | 0 | 4 |
_a155.5 _bF91 _221 |
| 100 | 1 |
_aFuentes, José Angel, _eautor. |
|
| 245 | 1 | 0 |
_aAtrévete a ser diferente : _bdiseñado para ayudar a los padres a criar y disciplinar a sus hijos, enseñándoles cómo lidiar con la presión negativa de los pares / _cJosé Angel Fuentes. |
| 264 | 1 |
_aSan Bernardo, Chile : _bNuevas Dimensiones en Salud, _c2002. |
|
| 300 |
_a149 páginas : _bilustraciones ; _c27 centímetros |
||
| 336 |
_atext _2rdacontent |
||
| 337 |
_aunmediated _2rdamedia |
||
| 338 |
_avolume _2rdacarrier |
||
| 500 | _aAntes del título: Estableciendo sus sistemas de valores. | ||
| 504 | _aIncluye bibliografía. | ||
| 505 | 0 | _aObjetivos educacionales -- Actualizando nuestra percepción de la familia y de la sociedad -- Al rescate de nuestro futuro -- Cómo rescatar nuestro futuro -- La presión de los pares: ¿fuerza negativa o ayuda positiva? -- Fundamentos y desarrollo del pensamiento crítico -- Descúbrase usted mismo primero -- Usted es muy importante para Dios. ¿Personalidad o carácter? -- La vida: una lista interminable de elecciones y decisiones -- La anatomía de un pecado -- Debe ud. confiar en su conciencia? La respuesta es no! -- Por qué no debemos confiar solamente en nuestra conciencia -- Las necesidades básicas del ser humano en el contexto de las jerarquías de Maslow -- Libertad, liberalidad o libertinaje -- ¿Qué son y qué función cumplen los valores? -La función de los valores ante la presión social -- Modelo que nos ayudan a establecer nuestro valores -- Los valores deben ser jerarquizados en orden de prioridades -- Deténgase aquí.. y pause.., luego reflexione -- Clarificación y jerarquización del primer nivle de valores -- Aplicando , viviendo y manteniendo sus valores -- El seguimiento y revisiones peródicas son esenciales -- Instrucciones cómo utilizar este manual. | |
| 526 | _aSEG68 | ||
| 526 | _aSEG70 | ||
| 526 | _aSEG69 | ||
| 526 | _aSEG67 | ||
| 526 | _aSEG43 | ||
| 526 | _aP144 | ||
| 526 | _aP143 | ||
| 526 | _aP131 | ||
| 526 | _aP122 | ||
| 526 | _aP120 | ||
| 526 | _aP117 | ||
| 526 | _aP112 | ||
| 526 | _aP110 | ||
| 526 | _aP106 | ||
| 526 | _aP101 | ||
| 526 | _aP80 | ||
| 526 | _aP59 | ||
| 526 | _aP54 | ||
| 526 | _aP35 | ||
| 526 | _aP33 | ||
| 526 | _aP30 | ||
| 650 | 1 | 4 |
_aPsicología del adolescente _vManuales. |
| 942 |
_2ddc _cBOOK |
||
| 949 |
_a155.5 F91 _wDEWEY _c1 _i53751 _lCCODEBUL1 _mBUL _p10 _r0 _sY _tBOOK _u2015-06-25 _xTEOLOGIA _zUNKNOWN _0COMPRA _o.STAFF. Colección Ciencias de la Salud |
||
| 994 |
_aC0 _bPEPRU |
||
| 596 | _a1 | ||
| 999 |
_a155.5 F91 _wDEWEY _c43876 _i53751 _f2021-11-3 _g5 _lCCODEBUL1 _mBUL _p10.00 _r0 _sY _tBOOK _u2015-6-25 _xSALUD _zP35 _0COMPRA _o.STAFF. Colección Ciencias de la Salud _d43876 |
||
| 980 |
_81 _gALBERTO SANCHEZ Responsable de Automatización |
||